Parks and Recreation - Who Said That? - Statistics

General Stats
  • This quiz has been taken 194 times
  • The average score is 11 of 16
Answer Stats
Hint Answer % Correct
Just remember, every time you look up at the moon, I, too, will be looking at a moon. Not the same moon, obviously. That's impossible. Andy Dwyer
97%
No, that’s Buckingham Palace. Hogwarts is fictional. You do know that, don’t you? It’s important to me that you know that Ben Wyatt
94%
I have never taken the high road. But I tell other people to ‘cause then there’s more room for me on the low road. Tom Haverford
94%
There’s only one thing I hate more than lying: skim milk. Which is water that is lying about being milk. Ron Swanson
91%
I have run 10 miles a day, every day for 18 years. That's 65 thousand miles. A third of the way to the moon. My goal is to run to the moon. Chris Traeger
89%
There’s nothing we can’t do if we work hard, never sleep, and shirk from all other responsibilities in our lives. Leslie Knope
85%
I'm just gonna live under a bridge and ask people riddles before they cross. April Ludgate
73%
Do I look like I drink water? Donna Meagle
71%
Well, I salsa your face. Ann Perkins
70%
Daddy, someone started a fire in your car because you took too long, and I got bored. Mona-Lisa Saperstein
67%
I think that comic sans always screams fun, right? Garry Gergich
59%
I would say that I lost my optimism about government in about two months. Mark Brendanawicz
50%
I guess my thoughts on abortion are, you know, let's all just have a good time. Bobby Newport
46%
These dogs are so cute I want to throw up and kill myself. Craig Middlebrooks
46%
That's too much responsibility. I've gotta find a way out of this. Jean-Ralphio Saperstein
40%
Hot dogs? You know I have irritable bowel syndrome you racist! Jeremy Jamm
37%
No matching quizzes found
Score Distribution
Percent of People with Each Score
Percentile by Number Answered
Your Score History
You have not taken this quiz